[Event "ICS rated blitz match"]
[Site "204.178.125.65"]
[Date "1999.09.23"]
[Round "?"]
[White "Hossa"]
[Black "PUBCHESS"]
[Result "1-0"]
[WhiteElo "2369"]
[BlackElo "2276"]
[PlyCount "95"]
[EventDate "1999.??.??"]

1. e4 c5 2. Nf3 d6 3. d4 cxd4 4. Nxd4 Nf6 5. Nc3 a6 6. Bd3 e6 7. O-O Be7 8. Be3
O-O 9. Qf3 Qc7 10. Rad1 b5 11. Rfe1 Bb7 12. a4 b4 13. Nce2 Nbd7 14. Bd2 Ne5 15.
Qe3 Nc4 16. Bxc4 Qxc4 17. f3 d5 18. exd5 Nxd5 19. Qe4 Qc7 20. Qg4 Bf6 21. c3
bxc3 22. bxc3 Rad8 23. Kh1 Qc4 24. a5 Ba8 25. Qh5 g6 26. Qg4 e5 27. Nf5 Qxg4
28. Nh6+ Kh8 29. Nxg4 Bg7 30. c4 Nc7 31. Bh6 f6 32. Bxg7+ Kxg7 33. Ne3 Ne6 34.
Nd5 Kf7 35. Nec3 Nc5 36. Rb1 Rb8 37. Red1 Rfd8 38. Rxb8 Rxb8 39. Nb6 Rc8 40.
Nxc8 Bc6 41. Rd6 Be8 42. Nd5 Ne6 43. Rxa6 Nd4 44. Nd6+ Ke6 45. Nxe8+ Kf5 46. h4
e4 47. Rxf6+ Ke5 48. f4# {PUBCHESS checkmated} 1-0

[Event "ICS rated blitz match"]
[Site "204.178.125.65"]
[Date "1999.09.23"]
[Round "?"]
[White "Hossa"]
[Black "PUBCHESS"]
[Result "1-0"]
[WhiteElo "2370"]
[BlackElo "2259"]
[PlyCount "147"]
[EventDate "1999.??.??"]

1. e4 c5 2. Nf3 e6 3. c3 d5 4. exd5 exd5 5. d4 c4 6. Be2 Bd6 7. O-O Ne7 8. b3
cxb3 9. axb3 Nbc6 10. Re1 O-O 11. Ba3 Bf5 12. Bxd6 Qxd6 13. Nbd2 a6 14. Nh4 Be6
15. Bd3 Qd7 16. Qh5 g6 17. Qh6 Rae8 18. Rac1 Nf5 19. Nxf5 Bxf5 20. Be2 f6 21.
Bf3 Be6 22. Nf1 Qg7 23. Qf4 Qd7 24. Ra1 g5 25. Qg3 Kg7 26. Re2 Bf7 27. Bg4 Qd8
28. Ne3 Ne7 29. Qf3 Bg6 30. Be6 Bf7 31. Bxf7 Rxf7 32. Nxd5 Nxd5 33. Rxe8 Qxe8
34. Qxd5 Qe2 35. Rf1 Qc2 36. f4 h6 37. fxg5 hxg5 38. Qc4 Qd2 39. Qc5 Qe3+ 40.
Kh1 Qe2 41. Rg1 Qd3 42. b4 Qb5 43. Qxb5 axb5 44. g4 Rc7 45. Rg3 Kf7 46. Re3 Rc8
47. Kg2 Ra8 48. Kg3 Ra2 49. Rf3 Rc2 50. h4 gxh4+ 51. Kxh4 Ke6 52. Kh5 Re2 53.
Kg6 Re4 54. Rxf6+ Kd5 55. Rf5+ Kc6 56. g5 b6 57. Rf6+ Kc7 58. Kf7 Re3 59. g6
Rxc3 60. g7 Rg3 61. g8=Q Rxg8 62. Kxg8 Kd7 63. Kf7 Kc7 64. Rxb6 Kxb6 65. d5 Kc7
66. Ke7 Kc8 67. d6 Kb7 68. d7 Kc6 69. d8=Q Kb7 70. Kd7 Ka7 71. Qa5+ Kb7 72.
Qxb5+ Ka7 73. Kc8 Ka8 74. Qa5# {PUBCHESS checkmated} 1-0

[Event "ICS rated blitz match"]
[Site "204.178.125.65"]
[Date "1999.09.23"]
[Round "?"]
[White "Hossa"]
[Black "PUBCHESS"]
[Result "1-0"]
[WhiteElo "2342"]
[BlackElo "2303"]
[PlyCount "109"]
[EventDate "1999.??.??"]

1. e4 c5 2. Nf3 e6 3. d4 cxd4 4. Nxd4 a6 5. Bd3 Qc7 6. O-O g6 7. c4 Bg7 8. Nb3
d6 9. Nc3 Ne7 10. f3 O-O 11. Bf4 Nbc6 12. Qd2 b6 13. Bh6 Bb7 14. Bxg7 Kxg7 15.
Rad1 Rad8 16. Qe3 Ne5 17. f4 Nxd3 18. Qxd3 d5 19. cxd5 exd5 20. e5 Nf5 21. Rc1
Qc4 22. Qf3 Qb4 23. Rf2 Rd7 24. Rfc2 a5 25. Qg4 d4 26. Ne2 d3 27. Rc4 Qe7 28.
Ned4 Nxd4 29. Nxd4 d2 30. Nf5+ Kh8 31. Nxe7 dxc1=Q+ 32. Rxc1 Rxe7 33. Qh4 Rfe8
34. Qf6+ Kg8 35. Qxb6 Bd5 36. Qxa5 Be6 37. Rd1 Rc8 38. Rd8+ Re8 39. Rxe8+ Rxe8
40. a4 Rc8 41. b4 Rc1+ 42. Kf2 Rc2+ 43. Kf3 Rc3+ 44. Ke4 Bf5+ 45. Kd4 Rd3+ 46.
Kc4 Rd2 47. b5 Be6+ 48. Kc3 Rxg2 49. Qa8+ Kg7 50. Qxg2 h5 51. b6 Bc8 52. b7
Bxb7 53. Qxb7 h4 54. e6 Kh6 55. e7 {PUBCHESS resigns} 1-0

[Event "ICS rated blitz match"]
[Site "204.178.125.65"]
[Date "1999.10.05"]
[Round "?"]
[White "Hossa"]
[Black "PUBCHESS"]
[Result "1-0"]
[WhiteElo "2493"]
[BlackElo "2479"]
[PlyCount "155"]
[EventDate "1999.??.??"]

1. d4 Nf6 2. c4 e6 3. Nf3 d5 4. Nc3 c6 5. Bg5 Nbd7 6. e3 Qa5 7. Be2 Bb4 8. O-O
Bxc3 9. Bxf6 Nxf6 10. bxc3 Qxc3 11. Qa4 dxc4 12. Rfc1 Qb2 13. Qxc4 Qb6 14. Bd3
O-O 15. e4 Qd8 16. Qc5 Re8 17. Rc3 Qe7 18. Qg5 Nd7 19. Qxe7 Rxe7 20. Rd1 Nf6
21. Ne5 Re8 22. f4 Rd8 23. Rc4 Nd7 24. Nf3 Kf8 25. Rdc1 Ke7 26. Kf2 h6 27. h3
Nb8 28. g4 b6 29. Bc2 Bb7 30. h4 Nd7 31. Ke3 Rac8 32. Ra4 a5 33. Rb1 f6 34. Rc4
b5 35. Rc3 Nb8 36. Ra3 Nd7 37. Rxa5 Nb6 38. Bd3 Rd7 39. Rc1 Rcd8 40. Ra3 Nc8
41. Rc5 Nb6 42. Rb3 Na4 43. Rc1 Ba6 44. Rxc6 Rd6 45. Bxb5 Bxb5 46. Rxd6 Rxd6
47. Rxb5 Ra6 48. Rb7+ Kf8 49. Kd2 Nb6 50. Ke1 Nc4 51. Rb4 Nd6 52. e5 Ne4 53. a4
Nc3 54. Rb8+ Kf7 55. Rb7+ Kf8 56. exf6 gxf6 57. Rh7 Rxa4 58. Rxh6 Kg7 59. g5
fxg5 60. fxg5 Nb5 61. Rxe6 Nxd4 62. Nxd4 Rxd4 63. h5 Rg4 64. Rg6+ Kh7 65. Kf2
Rh4 66. Rh6+ Kg7 67. Kg3 Ra4 68. Re6 Ra3+ 69. Kg4 Ra4+ 70. Kf5 Ra5+ 71. Re5 Ra7
72. h6+ Kh7 73. Kf6 Ra6+ 74. Re6 Ra1 75. Re7+ Kg8 76. Re8+ Kh7 77. g6+ Kxh6 78.
Rh8# {PUBCHESS checkmated} 1-0

[Event "ICS rated blitz match"]
[Site "204.178.125.65"]
[Date "1999.09.20"]
[Round "?"]
[White "Hossa"]
[Black "PUBCHESS"]
[Result "1-0"]
[WhiteElo "2386"]
[BlackElo "2389"]
[PlyCount "89"]
[EventDate "1999.??.??"]

1. e4 c5 2. Nf3 d6 3. d4 cxd4 4. Nxd4 Nf6 5. Nc3 g6 6. Bc4 Bg7 7. h3 O-O 8. Bb3
Nc6 9. Be3 Bd7 10. O-O a6 11. Qd2 b5 12. f3 Na5 13. Bh6 Qc7 14. Bxg7 Kxg7 15.
Rad1 Rac8 16. Qg5 Nc4 17. Bxc4 Qxc4 18. Nb3 b4 19. Rd4 Qc7 20. Rxb4 Be6 21. Rd1
Rb8 22. Rbd4 Rfd8 23. f4 Qa7 24. Kh1 Rdc8 25. e5 dxe5 26. fxe5 Ng8 27. Kg1 a5
28. Qf4 a4 29. Nxa4 Rxc2 30. Na1 Rc4 31. b3 Rxd4 32. Rxd4 Qa5 33. Rd2 Rc8 34.
Re2 Qd5 35. Rf2 Qd1+ 36. Rf1 Qe2 37. a3 Qa2 38. Nb6 Rc3 39. Qd4 Rg3 40. Qf2 Rc3
41. Qxa2 Rc5 42. Qe2 Rc6 43. Qb5 Rc3 44. Nd5 Rc2 45. Nxc2 {PUBCHESS resigns}
1-0

[Event "ICS rated blitz match"]
[Site "204.178.125.65"]
[Date "1999.09.23"]
[Round "?"]
[White "Hossa"]
[Black "PUBCHESS"]
[Result "1-0"]
[WhiteElo "2432"]
[BlackElo "2199"]
[PlyCount "93"]
[EventDate "1999.??.??"]

1. e4 c5 2. Nf3 d6 3. d4 cxd4 4. Nxd4 Nf6 5. Nc3 e6 6. Bb5+ Nbd7 7. O-O a6 8.
Bc4 b5 9. Bd3 Bb7 10. a3 Qc7 11. f4 Be7 12. Bd2 Rc8 13. Qe2 O-O 14. Rad1 d5 15.
e5 Ne8 16. Qh5 g6 17. Qh3 Nc5 18. Be2 Ne4 19. Nxe4 dxe4 20. Bb4 Bxb4 21. axb4
Bd5 22. c3 Ng7 23. Qh4 Rcd8 24. Ra1 Qb7 25. Qf6 Ra8 26. Rfd1 Rfe8 27. Qg5 Qc8
28. Ra5 Qd8 29. Qh6 Qe7 30. Rda1 Bb7 31. Bg4 Red8 32. Rd1 Rd5 33. Rd2 Rad8 34.
Bh3 Qc7 35. g4 Qc4 36. Bf1 Qc7 37. Re2 Rxd4 38. cxd4 Rxd4 39. Ra3 e3 40. Raxe3
Rd1 41. Rh3 Qc6 42. Qxh7+ Kf8 43. Qh8+ Ke7 44. Qh4+ Ke8 45. Kf2 Rxf1+ 46. Kxf1
Qg2+ 47. Rxg2 {PUBCHESS resigns} 1-0

[Event "ICS rated blitz match"]
[Site "204.178.125.65"]
[Date "1999.09.26"]
[Round "?"]
[White "Hossa"]
[Black "PUBCHESS"]
[Result "1-0"]
[WhiteElo "2494"]
[BlackElo "2377"]
[PlyCount "41"]
[EventDate "1999.??.??"]

1. e4 c5 2. Nf3 d6 3. d4 cxd4 4. Nxd4 Nf6 5. Nc3 g6 6. Bc4 Bg7 7. h3 O-O 8. Bb3
Nc6 9. Be3 a6 10. O-O Qc7 11. f3 e6 12. Qd2 Rd8 13. Nxc6 bxc6 14. Bh6 Bh8 15.
Rad1 d5 16. Rfe1 Nd7 17. exd5 cxd5 18. Nxd5 Qc5+ 19. Be3 Qf8 20. Nc7 Rb8 21.
Nxe6 {PUBCHESS resigns} 1-0

[Event "ICS rated blitz match"]
[Site "204.178.125.65"]
[Date "1999.09.23"]
[Round "?"]
[White "Hossa"]
[Black "PUBCHESS"]
[Result "1-0"]
[WhiteElo "2436"]
[BlackElo "2195"]
[PlyCount "153"]
[EventDate "1999.??.??"]

1. e4 c5 2. Nf3 d6 3. d4 cxd4 4. Nxd4 Nf6 5. Nc3 e6 6. Bb5+ Nbd7 7. O-O Be7 8.
Be3 a6 9. Bd3 Qc7 10. Qf3 b5 11. Qg3 O-O 12. f3 Bb7 13. Rfd1 Rac8 14. Bh6 Ne8
15. Bg5 Bxg5 16. Qxg5 b4 17. Nce2 Qc5 18. Qxc5 dxc5 19. Nb3 Nb6 20. Na5 c4 21.
Nxb7 cxd3 22. cxd3 Rc7 23. Na5 Nd6 24. Rac1 Rfc8 25. Rxc7 Rxc7 26. Rc1 Rxc1+
27. Nxc1 Nb5 28. Nc6 Na4 29. b3 Nc5 30. d4 Nb7 31. Nxb4 a5 32. Nc6 Kf8 33. Nd3
Ke8 34. b4 axb4 35. Ndxb4 f6 36. a4 Nc7 37. a5 Kd7 38. Kf2 Nd6 39. Ke2 Na8 40.
a6 Kc7 41. d5 exd5 42. exd5 Kb6 43. Kd3 Nc7 44. Nb8 Ndb5 45. Nd7+ Ka7 46. Nc5
Kb6 47. Ne6 Nxa6 48. Nxa6 Kxa6 49. Nxg7 Kb6 50. Ne6 Kb7 51. Nc5+ Kc7 52. f4 Kd6
53. Ne4+ Kxd5 54. Nxf6+ Ke6 55. Nxh7 Kf5 56. g3 Nd6 57. Ng5 Ne8 58. h3 Nf6 59.
Ke3 Nd5+ 60. Kf3 Ne7 61. g4+ Kg6 62. Ne4 Nc6 63. f5+ Kf7 64. g5 Nd4+ 65. Kg4
Nc6 66. g6+ Kg7 67. Kh5 Nd8 68. f6+ Kg8 69. Ng5 Kf8 70. g7+ Kg8 71. Kh6 Nf7+
72. Nxf7 Kxf7 73. g8=Q+ Kxf6 74. Qd5 Ke7 75. Kg7 Ke8 76. Kf6 Kf8 77. Qd8# {
PUBCHESS checkmated} 1-0

[Event "ICS rated blitz match"]
[Site "204.178.125.65"]
[Date "1999.09.23"]
[Round "?"]
[White "Hossa"]
[Black "PUBCHESS"]
[Result "1-0"]
[WhiteElo "2309"]
[BlackElo "2336"]
[PlyCount "31"]
[EventDate "1999.??.??"]

1. e4 c5 2. Nf3 d6 3. d4 cxd4 4. Nxd4 Nf6 5. Nc3 g6 6. Bc4 Bg7 7. h3 O-O 8. Bb3
Nc6 9. Be3 a6 10. O-O Na5 11. Bg5 b5 12. Nd5 Nxb3 13. Nc6 Nxd5 14. Nxd8 Rxd8
15. cxb3 Nf6 16. e5 {PUBCHESS resigns} 1-0

[Event "ICS rated blitz match"]
[Site "204.178.125.65"]
[Date "1999.09.20"]
[Round "?"]
[White "Hossa"]
[Black "PUBCHESS"]
[Result "1/2-1/2"]
[WhiteElo "2442"]
[BlackElo "2333"]
[PlyCount "87"]
[EventDate "1999.??.??"]

1. e4 c5 2. Nf3 d6 3. d4 cxd4 4. Nxd4 Nf6 5. Nc3 g6 6. Bc4 Bg7 7. h3 O-O 8. Bb3
Nc6 9. Be3 Bd7 10. O-O a6 11. Qd2 Na5 12. Bh6 Rc8 13. Rad1 b5 14. Qe3 Nc4 15.
Bxc4 Rxc4 16. Bxg7 Kxg7 17. e5 dxe5 18. Qxe5 Qc7 19. Qxe7 b4 20. Qxf6+ Kxf6 21.
Nd5+ Kg7 22. Nxc7 Rxc7 23. a3 bxa3 24. bxa3 Rfc8 25. Rfe1 Ba4 26. Rd2 Bxc2 27.
Re3 Ba4 28. f4 Rc1+ 29. Kh2 Rf1 30. g3 Rcc1 31. h4 h5 32. Kg2 Bd7 33. Nf3 Bg4
34. Nh2 Rg1+ 35. Kf2 Rh1 36. Nxg4 hxg4 37. Ke2 Ra1 38. Rc3 Rhg1 39. Kf2 Raf1+
40. Ke2 Ra1 41. Kf2 Raf1+ 42. Ke2 Ra1 43. Kf2 Raf1+ 44. Ke2 {
Game drawn by repetition} 1/2-1/2

[Event "ICS rated blitz match"]
[Site "204.178.125.65"]
[Date "1999.10.01"]
[Round "?"]
[White "Hossa"]
[Black "Pacino"]
[Result "1-0"]
[WhiteElo "2329"]
[BlackElo "2066"]
[PlyCount "61"]
[EventDate "1999.??.??"]

1. d4 e6 2. Nf3 d5 3. e3 f5 4. c4 Nf6 5. Bd3 c6 6. O-O Bd6 7. b3 O-O 8. Ba3
Bxa3 9. Nxa3 Nbd7 10. cxd5 cxd5 11. Nb5 Ne4 12. Rc1 Ndf6 13. Nc7 Rb8 14. Ne5
Ne8 15. Nxe8 Qxe8 16. Qe2 a6 17. Rc7 Qd8 18. Rfc1 b5 19. a3 Nd6 20. R7c5 Bd7
21. Qh5 Be8 22. Qh3 a5 23. R5c3 a4 24. b4 Nc4 25. Qg3 Qd6 26. f3 Nxe3 27. Rc7
g6 28. Nxg6 Bxg6 29. Qxd6 Rbe8 30. Qe5 Nc4 31. Qg7# {Pacino checkmated} 1-0

[Event "ICS rated blitz match"]
[Site "204.178.125.65"]
[Date "1999.10.01"]
[Round "?"]
[White "Hossa"]
[Black "Pacino"]
[Result "1-0"]
[WhiteElo "2310"]
[BlackElo "2052"]
[PlyCount "71"]
[EventDate "1999.??.??"]

1. d4 Nf6 2. c4 g6 3. Nc3 Bg7 4. e4 d6 5. f3 O-O 6. Be3 Nc6 7. Qd2 e5 8. d5 Nd4
9. Nge2 Nxe2 10. Bxe2 Nh5 11. O-O f5 12. Bh6 f4 13. Bxg7 Nxg7 14. Bd3 c5 15. a3
g5 16. Qf2 h5 17. Rad1 g4 18. Be2 Qg5 19. fxg4 hxg4 20. Nb5 Rf6 21. Rd3 Bd7 22.
Bd1 a6 23. Nc7 Rc8 24. Ne6 Bxe6 25. dxe6 Rxe6 26. Rb3 Rc7 27. Rc3 Rf7 28. Rd3
Ne8 29. Re1 Rh6 30. Ba4 Nc7 31. Red1 Qg6 32. Rxd6 Qxd6 33. Rxd6 Rxd6 34. Qxc5
Rd2 35. Qxe5 f3 36. Qg5+ {Pacino resigns} 1-0

[Event "ICS rated blitz match"]
[Site "204.178.125.65"]
[Date "1999.10.03"]
[Round "?"]
[White "Hossa"]
[Black "Pacino"]
[Result "1-0"]
[WhiteElo "2377"]
[BlackElo "2123"]
[PlyCount "23"]
[EventDate "1999.??.??"]

1. e4 e6 2. d4 d5 3. Nd2 c5 4. exd5 exd5 5. Ngf3 Nc6 6. Bb5 Nf6 7. O-O Be6 8.
Re1 Qd7 9. c3 O-O-O 10. Ne5 Qc7 11. Qa4 Kb8 12. Bxc6 {Pacino resigns} 1-0

[Event "ICS rated blitz match"]
[Site "204.178.125.65"]
[Date "1999.10.06"]
[Round "?"]
[White "Hossa"]
[Black "PackMaster"]
[Result "0-1"]
[WhiteElo "2537"]
[BlackElo "2604"]
[PlyCount "84"]
[EventDate "1999.??.??"]

1. e4 d5 2. exd5 Qxd5 3. Nc3 Qa5 4. Nf3 Nf6 5. Bc4 Bg4 6. O-O e6 7. Be2 Bb4 8.
a3 O-O 9. Rb1 Bd6 10. h3 Bh5 11. d4 c6 12. Re1 Rd8 13. Qd2 Qc7 14. Qg5 Bg6 15.
Bd1 Nd5 16. Ne4 Be7 17. Qe5 Qb6 18. Ra1 Nd7 19. Qg3 c5 20. c3 cxd4 21. cxd4
Rac8 22. a4 Nb8 23. a5 Qb4 24. Ned2 Bf6 25. Ra4 Qb5 26. Ra1 Nc6 27. Ne5 Nxd4
28. Nxg6 hxg6 29. Ne4 Nc2 30. Bxc2 Rxc2 31. Nxf6+ gxf6 32. Qh4 Qc5 33. Rd1 Rd6
34. Bh6 Rxb2 35. Re1 Rc2 36. Rf1 Ra6 37. Qa4 b5 38. Qh4 Qc7 39. Rad1 Rxa5 40.
Rd4 Raa2 41. Rd3 a5 42. Qg4 42... a4 {Hossa resigns} 0-1

[Event "ICS rated blitz match"]
[Site "204.178.125.65"]
[Date "1999.10.13"]
[Round "?"]
[White "Hossa"]
[Black "PackMaster"]
[Result "0-1"]
[WhiteElo "2441"]
[BlackElo "2496"]
[PlyCount "149"]
[EventDate "1999.??.??"]

1. e4 e5 2. Nf3 d6 3. d4 exd4 4. Nxd4 Nf6 5. Nc3 Be7 6. Be2 O-O 7. O-O Nc6 8.
Nxc6 bxc6 9. Re1 Be6 10. Bg5 Re8 11. Qd4 Ng4 12. Bxe7 Qxe7 13. Bxg4 Bxg4 14. f3
Be6 15. Rad1 a5 16. Qa4 c5 17. Re2 Reb8 18. b3 Bd7 19. Qc4 Qe5 20. Red2 Ra7 21.
Kh1 Rb4 22. Qd3 Bc6 23. Qe3 Rb8 24. a3 Rbb7 25. Kg1 a4 26. bxa4 Rb2 27. Nb5
Bxb5 28. axb5 Rxb5 29. c4 Rbb7 30. Rd3 Ra4 31. Rb3 Rxb3 32. Qxb3 Qe8 33. e5 Ra8
34. exd6 cxd6 35. Kf2 Qe5 36. g3 Re8 37. Rd5 Qe1+ 38. Kg2 Re6 39. h4 Re2+ 40.
Kh3 Re3 41. Qd1 Qxd1 42. Rxd1 Rxa3 43. Rxd6 Kf8 44. Rd5 Ra5 45. f4 g6 46. g4 h6
47. Kg2 Ke7 48. Kf3 Ra3+ 49. Ke2 Rg3 50. g5 h5 51. Rxc5 Rh3 52. Re5+ Kd7 53.
Rd5+ Kc6 54. Ra5 Rxh4 55. Ke3 Rh3+ 56. Kd4 Rf3 57. Ra6+ Kd7 58. Ke5 Rf2 59.
Ra7+ Ke8 60. c5 Rc2 61. Rc7 Re2+ 62. Kf6 Re6+ 63. Kg7 Re7 64. Rxe7+ Kxe7 65. f5
gxf5 66. Kh7 f4 67. Kh6 f3 68. Kxh5 f2 69. Kg4 f1=Q 70. c6 f5+ 71. Kg3 Qg1+ 72.
Kf4 Qg4+ 73. Ke3 Qxg5+ 74. Kd3 f4 75. Kc4 {Hossa resigns} 0-1

[Event "ICS rated blitz match"]
[Site "204.178.125.65"]
[Date "1999.10.08"]
[Round "?"]
[White "Hossa"]
[Black "PackMaster"]
[Result "1-0"]
[WhiteElo "2426"]
[BlackElo "2608"]
[PlyCount "135"]
[EventDate "1999.??.??"]

1. c4 e5 2. Nc3 Nf6 3. g3 Bb4 4. Bg2 O-O 5. Nd5 Nxd5 6. cxd5 c6 7. e3 Na6 8. a3
Bc5 9. Ne2 cxd5 10. d4 exd4 11. exd4 Be7 12. O-O Nc7 13. Nc3 Bf6 14. Be3 Qe7
15. Bf4 d6 16. Re1 Qd8 17. Be3 Be6 18. Qb3 Qd7 19. Rac1 b6 20. Bf3 Rac8 21. a4
Rcd8 22. Ne2 Be7 23. a5 bxa5 24. Qc3 Na8 25. Qxa5 Rb8 26. Qa2 Nb6 27. Nc3 Rfe8
28. b4 Nc4 29. Rb1 Qb7 30. Bg2 Bf6 31. b5 Re7 32. Rbc1 Rc7 33. Qe2 Nxe3 34.
fxe3 Rbc8 35. Qd2 g6 36. Rf1 Bg7 37. Rc2 a6 38. bxa6 Qxa6 39. Ra2 Qc4 40. Ne2
Qb3 41. Nf4 Rc2 42. Rxc2 Rxc2 43. Qe1 Qa2 44. Qb1 Bh6 45. Qb8+ Bf8 46. Qb5 Rb2
47. Qc6 Qb3 48. Nxe6 Qxe3+ 49. Kh1 Qxe6 50. Bxd5 Qe2 51. Bg2 Qe6 52. Bd5 Qh3
53. Bg2 Qh5 54. Qe8 g5 55. g4 Rb8 56. Qxb8 Qxg4 57. Qb7 Qh5 58. Bd5 Kh8 59. Qc8
Kg7 60. Qe8 Qg6 61. Rxf7+ Kh6 62. Be4 Bg7 63. Bxg6 hxg6 64. Qg8 Kh5 65. Rxg7 d5
66. Rh7+ Kg4 67. Qe6+ Kf3 68. Rf7# {PackMaster checkmated} 1-0

[Event "ICS rated blitz match"]
[Site "204.178.125.65"]
[Date "1999.09.13"]
[Round "?"]
[White "Hossa"]
[Black "Panthee"]
[Result "1-0"]
[WhiteElo "2424"]
[BlackElo "2076"]
[PlyCount "87"]
[EventDate "1999.??.??"]

1. d4 Nf6 2. c4 g6 3. Nc3 d5 4. cxd5 Nxd5 5. e4 Nxc3 6. bxc3 Bg7 7. Nf3 O-O 8.
Ba3 Nd7 9. Bc4 c5 10. O-O Qc7 11. Rc1 Rd8 12. Ng5 e6 13. f4 h6 14. Nh3 Rb8 15.
Rf2 b5 16. Bb3 Qa5 17. Bb2 c4 18. Bc2 Qxa2 19. Bb1 Qa5 20. Qe2 Qb6 21. e5 Bb7
22. Ba3 Qc6 23. Qg4 Nb6 24. Be7 Re8 25. Bf6 Nd5 26. Bxg7 Kxg7 27. Qg3 a5 28. f5
exf5 29. Bxf5 Bc8 30. Be4 Bxh3 31. Qxh3 Qe6 32. Qf3 Red8 33. Qg3 Rbc8 34. Bf5
Qe8 35. Bxc8 Rxc8 36. Rcf1 b4 37. Rxf7+ Qxf7 38. Rxf7+ Kxf7 39. Qf3+ Ke7 40.
Qxd5 bxc3 41. Qb7+ Kd8 42. e6 Rc7 43. Qb8+ Rc8 44. Qd6+ {Panthee resigns} 1-0

[Event "ICS rated blitz match"]
[Site "204.178.125.65"]
[Date "1999.09.08"]
[Round "?"]
[White "Hossa"]
[Black "Panthee"]
[Result "1-0"]
[WhiteElo "2545"]
[BlackElo "2132"]
[PlyCount "63"]
[EventDate "1999.??.??"]

1. e4 c5 2. Nf3 d6 3. d4 cxd4 4. Qxd4 Nc6 5. Bb5 Bd7 6. Qd1 a6 7. Be2 Nf6 8.
Nc3 e6 9. O-O Be7 10. Bf4 Qc7 11. Qd2 O-O 12. Rad1 Ne5 13. Bg5 Bc6 14. Bxf6
gxf6 15. Nd4 Bd7 16. Qh6 Kh8 17. f4 Nc4 18. Bxc4 Qxc4 19. Rf3 Rg8 20. Rh3 Rg7
21. Rh5 Rag8 22. Kh1 Rc8 23. a3 Rc5 24. f5 b5 25. Nde2 b4 26. b3 Qxc3 27. Nxc3
Rxc3 28. e5 Bc6 29. exf6 Bxg2+ 30. Kg1 Bxf6 31. Qxf6 Rxc2 32. Rg5 {
Panthee resigns} 1-0

[Event "ICS rated blitz match"]
[Site "204.178.125.65"]
[Date "1999.08.30"]
[Round "?"]
[White "Hossa"]
[Black "Panthee"]
[Result "1-0"]
[WhiteElo "2474"]
[BlackElo "2125"]
[PlyCount "29"]
[EventDate "1999.??.??"]

1. e4 c5 2. Nf3 d6 3. d4 cxd4 4. Nxd4 Nf6 5. Nc3 a6 6. Bg5 e6 7. Bxf6 Qxf6 8.
Be2 Nc6 9. Nxc6 bxc6 10. O-O Qd8 11. Qd4 e5 12. Qc4 Bd7 13. f4 exf4 14. Rxf4
Qe7 15. Raf1 {Panthee resigns} 1-0

[Event "ICS rated blitz match"]
[Site "204.178.125.65"]
[Date "1999.09.08"]
[Round "?"]
[White "Hossa"]
[Black "Panthee"]
[Result "1-0"]
[WhiteElo "2533"]
[BlackElo "2144"]
[PlyCount "125"]
[EventDate "1999.??.??"]

1. e4 d6 2. d4 e6 3. Bd3 c5 4. dxc5 Qa5+ 5. Nc3 Qxc5 6. Nge2 a6 7. O-O Qc7 8.
Bg5 Nc6 9. Qd2 Bd7 10. Rad1 Rc8 11. f3 Na5 12. Qe3 Nc4 13. Bxc4 Qxc4 14. Rd4
Qc5 15. Rfd1 b5 16. a3 Qb6 17. Kh1 f6 18. Bf4 e5 19. R4d3 Qxe3 20. Bxe3 Be6 21.
Ng3 g6 22. Rc1 h5 23. Rg1 h4 24. Nge2 Nh6 25. Rd2 Nf7 26. h3 f5 27. Rgd1 Be7
28. Rc1 Bf6 29. a4 b4 30. Nd5 Bxd5 31. exd5 Kd7 32. c4 Rhe8 33. c5 dxc5 34.
Rxc5 Nd6 35. Rdc2 Rxc5 36. Rxc5 Rc8 37. b3 Nb7 38. Rxc8 Kxc8 39. Nc1 Kd7 40.
Nd3 a5 41. Nc5+ Nxc5 42. Bxc5 Be7 43. Bb6 Bd8 44. Bc5 Be7 45. Bb6 Bd8 46. Bc5
Bc7 47. Kg1 Bd6 48. Bf2 Bc7 49. Bc5 Kc8 50. Kf2 Kb7 51. Be7 Bb6+ 52. Ke2 Kc7
53. Kd3 Kd7 54. Bxh4 Kd6 55. Kc4 e4 56. Bg3+ Kd7 57. Kb5 Bd8 58. Bf2 exf3 59.
gxf3 Kd6 60. Bb6 Bf6 61. Kc4 g5 62. Bxa5 Ke5 63. Bc7# {Panthee checkmated} 1-0

[Event "ICS rated blitz match"]
[Site "204.178.125.65"]
[Date "1999.10.05"]
[Round "?"]
[White "Hossa"]
[Black "Pepero"]
[Result "1-0"]
[WhiteElo "2443"]
[BlackElo "2168"]
[PlyCount "63"]
[EventDate "1999.??.??"]

1. e4 g6 2. d4 Bg7 3. Nf3 d6 4. Bc4 Nf6 5. Nc3 O-O 6. O-O c6 7. Bg5 d5 8. exd5
Nxd5 9. Bxd5 cxd5 10. Qd2 Nc6 11. Bh6 Bg4 12. Ne5 Nxe5 13. dxe5 Be6 14. Bxg7
Kxg7 15. Qd4 Qc7 16. Nxd5 Bxd5 17. Qxd5 Qxc2 18. Qxb7 Rab8 19. Qxa7 Rxb2 20.
Qxe7 Rxa2 21. Qf6+ Kg8 22. Rad1 Qc4 23. Rd7 Ra6 24. Rd6 Rxd6 25. exd6 Qd5 26.
Re1 Rc8 27. h4 Qd2 28. Re7 Qd5 29. d7 Rf8 30. Kh2 Qc5 31. d8=Q Rxd8 32. Qxf7+ {
Pepero resigns} 1-0

[Event "ICS rated blitz match"]
[Site "204.178.125.65"]
[Date "1999.10.09"]
[Round "?"]
[White "Hossa"]
[Black "Pepero"]
[Result "1-0"]
[WhiteElo "2402"]
[BlackElo "2192"]
[PlyCount "119"]
[EventDate "1999.??.??"]

1. d4 g6 2. e4 Bg7 3. Bc4 d6 4. Ne2 c6 5. Bg5 Qa5+ 6. Qd2 Qxd2+ 7. Nxd2 b5 8.
Bb3 Nd7 9. O-O Bb7 10. c3 c5 11. Bc2 h6 12. Be3 Rc8 13. dxc5 Nxc5 14. Rad1 a6
15. Bxc5 Rxc5 16. f4 Nf6 17. Nb3 Rc8 18. e5 dxe5 19. fxe5 Ng4 20. e6 f5 21. Nf4
Ne3 22. Nxg6 Nxd1 23. Rxd1 Rg8 24. Rd7 Bf6 25. Bxf5 Bc6 26. Nd4 Bxd4+ 27. cxd4
Rg7 28. d5 Ba8 29. d6 Rd8 30. Ra7 Bc6 31. d7+ Bxd7 32. exd7+ Kf7 33. Rxa6 Rxg6
34. Bxg6+ Kg7 35. Be8 e5 36. Rc6 Kf8 37. Rxh6 Ke7 38. Rb6 Ra8 39. Rxb5 Rxa2 40.
Rxe5+ Kd8 41. Rc5 Ke7 42. b3 Rd2 43. h3 Rd3 44. Kh2 Rxb3 45. Rc8 Rd3 46. d8=Q+
Rxd8 47. Rxd8 Kxd8 48. h4 Kxe8 49. g4 Kf7 50. Kg3 Kf6 51. Kf4 Kg6 52. h5+ Kh6
53. g5+ Kg7 54. Kf5 Kf7 55. h6 Kf8 56. g6 Kg8 57. g7 Kh7 58. Kf6 Kxh6 59. g8=Q
Kh5 60. Qg5# {Pepero checkmated} 1-0

[Event "ICS rated blitz match"]
[Site "204.178.125.65"]
[Date "1999.09.10"]
[Round "?"]
[White "Hossa"]
[Black "PlayWithMe"]
[Result "1-0"]
[WhiteElo "2471"]
[BlackElo "2005"]
[PlyCount "37"]
[EventDate "1999.??.??"]

1. e4 c5 2. Nf3 d6 3. d4 cxd4 4. Qxd4 Nc6 5. Bb5 Bd7 6. Qd1 Qa5+ 7. Nc3 Nf6 8.
Nd2 g6 9. Nc4 Qc7 10. Nd5 Nxd5 11. exd5 Nb8 12. Qd4 f6 13. a4 a6 14. Bxd7+ Nxd7
15. O-O Bg7 16. Re1 O-O 17. Rxe7 Rac8 18. Qg4 Qxc4 19. Qxd7 {PlayWithMe resigns
} 1-0

[Event "ICS rated blitz match"]
[Site "204.178.125.65"]
[Date "1999.10.12"]
[Round "?"]
[White "Hossa"]
[Black "Poisoned-Pawn"]
[Result "1-0"]
[WhiteElo "2441"]
[BlackElo "2129"]
[PlyCount "55"]
[EventDate "1999.??.??"]

1. e4 c5 2. Nf3 d6 3. d4 cxd4 4. Nxd4 Nf6 5. Nc3 a6 6. Bg5 e6 7. f4 Qb6 8. Nb3
Nbd7 9. Qd2 Be7 10. O-O-O Qc7 11. Be2 b5 12. Bf3 Bb7 13. Qe3 O-O-O 14. Rhf1 Kb8
15. Rfe1 Rhe8 16. e5 dxe5 17. fxe5 Bxf3 18. gxf3 Ng8 19. Bxe7 Nxe7 20. f4 Nf5
21. Qe4 Nb6 22. Qb4 Nd5 23. Nxd5 Rxd5 24. Rxd5 exd5 25. Nc5 Ka7 26. Qa3 Qc6 27.
Rd1 Ne3 28. Qxe3 {Poisoned-Pawn resigns} 1-0

[Event "ICS rated blitz match"]
[Site "204.178.125.65"]
[Date "1999.10.11"]
[Round "?"]
[White "Hossa"]
[Black "Poisoned-Pawn"]
[Result "1/2-1/2"]
[WhiteElo "2422"]
[BlackElo "2132"]
[PlyCount "79"]
[EventDate "1999.??.??"]

1. e4 c5 2. Nf3 d6 3. d4 cxd4 4. Nxd4 Nf6 5. Nc3 a6 6. Bg5 e6 7. f4 Qb6 8. Nb3
Nbd7 9. Qd2 Be7 10. O-O-O Qc7 11. Be2 b5 12. Bf3 Bb7 13. Qe3 O-O-O 14. Rhf1 Kb8
15. Rfe1 Rhe8 16. e5 dxe5 17. fxe5 Bxf3 18. gxf3 Ng8 19. Nd4 Nb6 20. Rg1 g6 21.
f4 Nd5 22. Nxd5 Rxd5 23. Kb1 Red8 24. Bxe7 Nxe7 25. Rd3 Nc6 26. Nxc6+ Qxc6 27.
Rgd1 Rxd3 28. cxd3 Rc8 29. Rc1 Qxc1+ 30. Qxc1 Rxc1+ 31. Kxc1 Kc7 32. b4 Kc6 33.
Kd2 Kd5 34. Ke3 g5 35. fxg5 Kxe5 36. h4 Kf5 37. Kf3 Ke5 38. Ke3 Kf5 39. Kf3 Ke5
40. Ke3 {Game drawn by repetition} 1/2-1/2